Giáo trình quản lý kinh tế: Hệ cao cấp lý luận

Bewaard in:
Bibliografische gegevens
Hoofdauteur: Ngô Quang Minh
Formaat: Boek
Taal:Undetermined
Gepubliceerd in: H. CTQG 2002
Onderwerpen:
Tags: Voeg label toe
Geen labels, Wees de eerste die dit record labelt!
Thư viện lưu trữ: Trung tâm Học liệu Trường Đại học Cần Thơ
LEADER 00545nam a2200193Ia 4500
001 CTU_54176
008 210402s9999 xx 000 0 und d
020 |b 14000 
082 |a 354.7 
082 |b M312 
100 |a Ngô Quang Minh 
245 0 |a Giáo trình quản lý kinh tế: Hệ cao cấp lý luận 
245 0 |c Ngô Quang Minh 
260 |a H. 
260 |b CTQG 
260 |c 2002 
650 |a Managerial economics,Public administration 
904 |i Minh 
980 |a Trung tâm Học liệu Trường Đại học Cần Thơ